000 00272nam a2200121 a 4500
008 100924s1975|||| d
100 1 _aFajzi, Rachmat
245 1 0 _aRodná strecha
260 _bSmena
_aBratislava
_c1975
020 _c27
044 _axo
_cSK
041 _aslo
999 _c10710
_d10710